Rushdown New Colours Vol. 5 Quiz - Statistics

General Stats
  • This quiz has been taken 3 times
  • The average score is 7 of 9
Answer Stats
Artist Song % Correct
Whad Be My Eyes
100%
MIKESH!FT City Escape
100%
Ruxxi & P3PPER Eos
100%
MrKoolTrix Galaxy Forest
100%
KERO Rainforest
100%
ELEPS Silence
100%
CamaCon High
67%
Devath Aeolian Pulse
33%
Aronsho Inverted Reality
33%
No matching quizzes found
Score Distribution
Percent of People with Each Score
Percentile by Number Answered
Your Score History
You have not taken this quiz